000 00573nam a2200217Ia 4500
003 BUBTL
008 151213s9999 xx 000 0 und d
020 _a0455216738
041 _aEnglish
082 _a341.754/ Is41i/ 1999
100 _aIslam, M. Rafiqul
_91812
245 _aInternational Trade Law/
_bM. Rafiqul Islam
250 _a1st ed.
260 _aNew Southwales
_bLBC Information Service
_cc1999
300 _a532 p. :
_c20 cm.
650 _aLaw
650 _aLaw
856 _k0
_l0
_yDownload
942 _2ddc
_cBK
999 _c2472
_d2472